Star Wars: Darth Vader Comics Quiz - Statistics

General Stats
  • This quiz has been taken 10 times
  • The average score is 8 of 12
Answer Stats
Hint Answer % Correct
Who is the archaeologist that aids Vader and travels with the droids 0-0-0 and BT-1? Dr. Aphra
88%
Who fights Vader with a lightsaber rifle? Jocasta Nu
88%
Which dark side wielder does Vader duel in the Jedi Temple Archives? The Grand Inquisitor
88%
Who is the Mon Calamari modified in a similar way to General Grievous? Commander Karbin
75%
What imperial doctor is Vader's rival during the 2015 comics? Dr. Cylo
75%
Vader is placed under whose command after the destruction of the Death Star? Grand General Tagge
75%
Who designed Vader's fortress on Mustafar? Darth Momin
63%
Complete the quote: "All I am surrounded by is fear and ___ ___" Dead Men
63%
Who hunts Vader on Chandar's Folly? Grand Moff Tarkin
63%
On what planet do the Ore-Barons revolt against the empire? Shu-Torun
63%
Last name of twins Aiolin and Morit. Astarte
50%
Who does Vader fight to get his lightsaber? Master Infil'a
50%
No matching quizzes found
Score Distribution
Percent of People with Each Score
Percentile by Number Answered
Your Score History
You have not taken this quiz